Reinforced Concrete Design. pt.1 / (Record no. 15200)
[ view plain ]
| 000 -LEADER | |
|---|---|
| fixed length control field | 00931nam a22002177a 4500 |
| 008 - FIXED-LENGTH DATA ELEMENTS--GENERAL INFORMATION | |
| fixed length control field | 110427r19962010ii|||||r|||| 001 0 eng d |
| 020 ## - INTERNATIONAL STANDARD BOOK NUMBER | |
| International Standard Book Number | 9788123915968 (pt.1) |
| 020 ## - INTERNATIONAL STANDARD BOOK NUMBER | |
| International Standard Book Number | 8123915975 (pt.2) |
| 020 ## - INTERNATIONAL STANDARD BOOK NUMBER | |
| International Standard Book Number | 9788123915975 (pt.2) |
| 082 ## - DEWEY DECIMAL CLASSIFICATION NUMBER | |
| Edition number | 22 |
| Classification number | 624.18341 |
| Item number | SOL |
| 100 ## - MAIN ENTRY--PERSONAL NAME | |
| 9 (RLIN) | 23417 |
| Personal name | Solomon, S. K. |
| 245 ## - TITLE STATEMENT | |
| Title | Reinforced Concrete Design. pt.1 / |
| Statement of responsibility, etc | S. K. Solomon |
| 260 ## - PUBLICATION, DISTRIBUTION, ETC. (IMPRINT) | |
| Place of publication, distribution, etc | New Delhi : |
| Name of publisher, distributor, etc | CBS Pub. , 1992-1996 |
| Date of publication, distribution, etc | 1992-996 |
| 300 ## - PHYSICAL DESCRIPTION | |
| Extent | 2v. (various pagings) : |
| Other physical details | ill. ; |
| Dimensions | 22 cm. |
| 500 ## - GENERAL NOTE | |
| General note | Includes index |
| 650 ## - SUBJECT ADDED ENTRY--TOPICAL TERM | |
| 9 (RLIN) | 17951 |
| Topical term or geographic name as entry element | Reinforced concrete construction. |
| 653 ## - INDEX TERM--UNCONTROLLED | |
| Resource For college | |
| Arrived date list | April2011 |
| 942 ## - ADDED ENTRY ELEMENTS (KOHA) | |
| Source of classification or shelving scheme | Dewey Decimal Classification |
| Item type | Book - Borrowing |
| Withdrawn status | Item status | Source of classification or shelving scheme | Damaged status | Not for loan | Vendor | Home library | Current library | Shelving location | Date acquired | Source of acquisition | Cost, normal purchase price | Serial Enumeration / chronology | Total Checkouts | Total Renewals | Full call number | Barcode | Date last seen | Date last borrowed | Koha item type | Public note |
|---|---|---|---|---|---|---|---|---|---|---|---|---|---|---|---|---|---|---|---|---|
| Dewey Decimal Classification | Arab Oasis | Central Library | Central Library | First floor | 27/04/2011 | 25.00 | 72 | 1 | 1 | 624.18341 SOL | 000023422 | 15/07/2025 | 12/03/2016 | Book - Borrowing | ||||||
| Dewey Decimal Classification | Arab Oasis | Central Library | Central Library | First floor | 28/04/2011 | 25.00 | 72 | 624.18341 SOL | 000023440 | 20/10/2025 | Book - Borrowing | pt.2 |